[Event "IND-ch (Women) 33rd"]
[Site "Chennai"]
[Date "2006.12.14"]
[Round "9"]
[White "Raghavi, Nagarajan"]
[Black "Thakur, Aabha V"]
[Result "1/2-1/2"]
[WhiteElo "2082"]
[BlackElo "1962"]
[PlyCount "51"]
[EventDate "2006.12.07"]
[EventType "swiss"]
[EventRounds "11"]
[EventCountry "IND"]
[SourceTitle "EXT 2010"]
[Source "ChessBase"]
[SourceDate "2010.11.25"]
[SourceVersion "1"]
[SourceVersionDate "2010.11.25"]
[SourceQuality "1"]

1. b3 e5 2. Bb2 Nc6 3. e3 d5 4. Bb5 e4 5. d3 Nf6 6. Nd2 exd3 7. cxd3 Bd7 8. d4 a6 9. Bd3 Nb4 10. Bb1 Bb5 11. Ndf3 Ne4 12. a3 Nc6 13. Ne2 a5 14. 0-0 Bd6 15. Ne5 Ne7 16. Re1 Ng6 17. Ng3 Nxg3 18. hxg3 0-0 19. a4 Ba6 20. Nd3 Qe7 21. Bc3 b6 22. Nf4 Qg5 23. Qf3 Bb7 24. Bd3 Rad8 25. Rec1 Bc8 26. Qe2 1/2-1/2

[Event "IND-ch (Women) 33rd"]
[Site "Chennai"]
[Date "2006.12.12"]
[Round "7"]
[White "Thakur, Aabha V"]
[Black "Pon, Namasivayam Krithik"]
[Result "1-0"]
[WhiteElo "1962"]
[BlackElo "2031"]
[PlyCount "183"]
[EventDate "2006.12.07"]
[EventType "swiss"]
[EventRounds "11"]
[EventCountry "IND"]
[SourceTitle "EXT 2010"]
[Source "ChessBase"]
[SourceDate "2010.11.25"]
[SourceVersion "1"]
[SourceVersionDate "2010.11.25"]
[SourceQuality "1"]

1. e4 e5 2. Nf3 d6 3. d4 exd4 4. Nxd4 Nf6 5. Nc3 Be7 6. Bd3 0-0 7. 0-0 c6 8. Bf4 Re8 9. Kh1 Bf8 10. Bg5 h6 11. Bh4 Be7 12. Bg3 Bf8 13. Nb3 Nbd7 14. f4 Qc7 15. Re1 g6 16. Qd2 Bg7 17. Bf1 Nb6 18. Rad1 Nh5 19. Bh4 Bg4 20. Rb1 Be6 21. Rbd1 Bc4 22. Nd4 Bxf1 23. Rxf1 Nc4 24. Qc1 Qb6 25. Nde2 Nf6 26. b3 Na5 27. Bxf6 Bxf6 28. Rxd6 Bg7 29. Rfd1 Kh7 30. Qd2 Qb4 31. Rd7 Rf8 32. Qd3 Rae8 33. e5 Re7 34. Rxe7 Qxe7 35. Ne4 b6 36. Qd7 Re8 37. N2c3 Kg8 38. b4 Nc4 39. Qxc6 Ne3 40. Rd2 Rf8 41. Re2 Nf5 42. Nd5 Qh4 43. Qc4 Kh8 44. Kg1 Rd8 45. Qd3 b5 46. Nec3 Qh5 47. Re1 a6 48. Qe2 Qxe2 49. Rxe2 Nd4 50. Rd2 Ne6 51. Rd1 Rc8 52. g3 g5 53. f5 Bxe5 54. fxe6 fxe6 55. Ne7 Rxc3 56. Ng6+ Kg7 57. Nxe5 Rxc2 58. a3 Ra2 59. Rd3 h5 60. h3 Kf6 61. Nd7+ Kf5 62. Nc5 g4 63. h4 e5 64. Nxa6 e4 65. Re3 Ke5 66. Nc5 Kd5 67. Rxe4 Rxa3 68. Kf2 Rf3+ 69. Kg2 Rc3 70. Rf4 Ke5 71. Nd7+ Ke6 72. Nf6 Rc2+ 73. Kf1 Kf7 74. Nxh5+ Kg6 75. Nf6 Rc1+ 76. Ke2 Rc2+ 77. Kd3 Ra2 78. Kd4 Ra3 79. Kc5 Kh6 80. Nxg4+ Kh5 81. Nf6+ Kg6 82. Kxb5 Kh6 83. g4 Rh3 84. g5+ Kg6 85. Ne4 Re3 86. Nc5 Kh5 87. Kc6 Re8 88. b5 Rg8 89. b6 Rg6+ 90. Rf6 Rg8 91. Rh6+ Kg4 92. b7 1-0